| 000 | 00652nam a2200205 a 4500 | ||
|---|---|---|---|
| 005 | 20140310183339.0 | ||
| 008 | 061109s19uu xx 00 eng d | ||
| 020 | _a9812445579 | ||
| 050 |
_aHF 5823 _b.Ai311 2004 |
||
| 100 | _aAitchison, Jim | ||
| 245 |
_aCutting edge advertising: _bhow to create the world's best print for brands in the 21st century. / _cJim Aitchison |
||
| 260 |
_aSingapore : _bPearson Prentice Hall, _c2004. |
||
| 300 |
_a402 p. : _bill. col. ; _c24 cm. |
||
| 521 | _aMC | ||
| 650 | _aAdvertising. | ||
| 650 | _aAdvertising copy. | ||
| 650 | _aAdvertising layout and photography. | ||
| 942 |
_cBK _2lcc _kFOR |
||
| 999 |
_c21753 _d21753 |
||